Die Architektur des Klassizismus im Elsaß : zum Verhältnis von Zentrum und Peripherie in Frankreich zwischen 1760 und 1800
Saved in:
| Main Author: | |
|---|---|
| Document Type: | Thesis Book |
| Language: | German |
| Published: |
München ; Berlin [u.a.]
: Waxmann
, 2002
|
| Series: | Studien zur Kunst am Oberrhein
2 |
| Subjects: | |
| Online Access: | Inhaltsverzeichnis Rezension Rezension Rezension |
| Related Items: | Rezensiert in:
[Rezension von: Ansgar Steinhausen, Die Architektur des Klassizismus im Elsaß] |
| Author Notes: | Ansgar Steinhausen |
| LEADER | 06058cam a2201261 c 4500 | ||
|---|---|---|---|
| 001 | 358520975 | ||
| 003 | DE-627 | ||
| 005 | 20260611225237.0 | ||
| 007 | tu | ||
| 008 | 030102s2002 gw ||||| m 00| ||ger c | ||
| 015 | |a 03,N03,1318 |2 dnb | ||
| 015 | |a 03,H05,3622 |2 dnb | ||
| 016 | 7 | |a 965798836 |2 DE-101 | |
| 020 | |a 9783830910763 |9 978-3-8309-1076-3 | ||
| 020 | |a 3830910762 |9 3-8309-1076-2 | ||
| 035 | |a (DE-627)358520975 | ||
| 035 | |a (DE-603)109303628 | ||
| 035 | |a (DE-576)103463364 | ||
| 035 | |a (DE-599)DNB965798836 | ||
| 035 | |a (OCoLC)237698710 | ||
| 035 | |a (OCoLC)1078715753 | ||
| 035 | |a (OCoLC)54375154 | ||
| 040 | |a DE-627 |b ger |c DE-627 |e rakwb | ||
| 041 | |a ger | ||
| 044 | |c XA-DE |c XD-US |c XA-FR | ||
| 050 | 0 | |a NA1049.A4 | |
| 084 | |a 46 |2 sdnb | ||
| 084 | |a 45 |2 sdnb | ||
| 084 | |a 9,10 |2 ssgn | ||
| 084 | |a LL 67070 |2 rvk |0 (DE-625)rvk/100213: | ||
| 084 | |a 21.60 |2 bkl | ||
| 100 | 1 | |a Steinhausen, Ansgar |0 (DE-588)124493025 |0 (DE-627)579310817 |0 (DE-576)294197397 |4 aut | |
| 245 | 1 | 4 | |a Die Architektur des Klassizismus im Elsaß |b zum Verhältnis von Zentrum und Peripherie in Frankreich zwischen 1760 und 1800 |c Ansgar Steinhausen |
| 263 | |a Pb. : 34.80 EUR | ||
| 264 | 1 | |a München |a Berlin [u.a.] |b Waxmann |c 2002 | |
| 300 | |a 163 S., [20] Bl. |b Ill., Kt. | ||
| 336 | |a Text |b txt |2 rdacontent | ||
| 337 | |a ohne Hilfsmittel zu benutzen |b n |2 rdamedia | ||
| 338 | |a Band |b nc |2 rdacarrier | ||
| 490 | 1 | |a Studien zur Kunst am Oberrhein |v 2 | |
| 502 | |a Zugl.: Freiburg im Breisgau, Univ., Diss., 1999 | ||
| 583 | 1 | |a Archivierung/Langzeitarchivierung gewährleistet |c 20211213 |f DISS |x XA-DE-BW |2 pdager |5 DE-25 | |
| 583 | 1 | |a Archivierung/Langzeitarchivierung gewährleistet |f SSG |x XA-DE-BW |2 pdager |5 DE-16 | |
| 583 | 1 | |a Archivierung prüfen |c 20240324 |f DE-4165 |z 1 |2 pdager | |
| 583 | 1 | |a Archivierung/Langzeitarchivierung gewährleistet |c 20240722 |f NI-LastCopies |x XA-DE-NI |z Potenzieller Alleinbesitz Niedersachsen |2 pdager |5 DE-89 | |
| 583 | 1 | |a Archivierung/Langzeitarchivierung gewährleistet |f SLG |z Frankreichforschung |2 pdager |5 DE-77 | |
| 648 | 7 | |a Geschichte 1760-1800 |2 gnd | |
| 650 | 0 | |a Neoclassicism (Architecture) |x France |x Alsace | |
| 650 | 0 | |a Architecture |x France |x Alsace | |
| 650 | 0 | |a Public architecture |x France |x Alsace | |
| 650 | 0 | 7 | |0 (DE-588)4002851-3 |0 (DE-627)104280352 |0 (DE-576)208848975 |a Architektur |2 gnd |
| 650 | 0 | 7 | |0 (DE-588)4002844-6 |0 (DE-627)106391836 |0 (DE-576)208848940 |a Architekt |2 gnd |
| 650 | 0 | 7 | |0 (DE-588)4030967-8 |0 (DE-627)106267914 |0 (DE-576)208989900 |a Klassizismus |2 gnd |
| 651 | 7 | |0 (DE-588)4014500-1 |0 (DE-627)106339893 |0 (DE-576)208908099 |a Elsass |2 gnd | |
| 651 | 7 | |0 (DE-588)4018145-5 |0 (DE-627)106327232 |0 (DE-576)208922857 |a Frankreich |2 gnd | |
| 655 | 7 | |a Hochschulschrift |0 (DE-588)4113937-9 |0 (DE-627)105825778 |0 (DE-576)209480580 |2 gnd-content | |
| 689 | 0 | 0 | |d g |0 (DE-588)4014500-1 |0 (DE-627)106339893 |0 (DE-576)208908099 |a Elsass |2 gnd |
| 689 | 0 | 1 | |d s |0 (DE-588)4002851-3 |0 (DE-627)104280352 |0 (DE-576)208848975 |a Architektur |2 gnd |
| 689 | 0 | 2 | |a z |2 gnd |a Geschichte 1760-1800 |
| 689 | 0 | |5 DE-101 | |
| 689 | 1 | 0 | |d g |0 (DE-588)4014500-1 |0 (DE-627)106339893 |0 (DE-576)208908099 |a Elsass |2 gnd |
| 689 | 1 | 1 | |d s |0 (DE-588)4002844-6 |0 (DE-627)106391836 |0 (DE-576)208848940 |a Architekt |2 gnd |
| 689 | 1 | 2 | |a z |2 gnd |a Geschichte 1760-1800 |
| 689 | 1 | |5 DE-101 | |
| 689 | 2 | 0 | |d s |0 (DE-588)4030967-8 |0 (DE-627)106267914 |0 (DE-576)208989900 |a Klassizismus |2 gnd |
| 689 | 2 | 1 | |d s |0 (DE-588)4002851-3 |0 (DE-627)104280352 |0 (DE-576)208848975 |a Architektur |2 gnd |
| 689 | 2 | 2 | |d g |0 (DE-588)4018145-5 |0 (DE-627)106327232 |0 (DE-576)208922857 |a Frankreich |2 gnd |
| 689 | 2 | |5 DE-101 | |
| 689 | 3 | 0 | |d s |0 (DE-588)4030967-8 |0 (DE-627)106267914 |0 (DE-576)208989900 |a Klassizismus |2 gnd |
| 689 | 3 | 1 | |d s |0 (DE-588)4002844-6 |0 (DE-627)106391836 |0 (DE-576)208848940 |a Architekt |2 gnd |
| 689 | 3 | 2 | |d g |0 (DE-588)4018145-5 |0 (DE-627)106327232 |0 (DE-576)208922857 |a Frankreich |2 gnd |
| 689 | 3 | |5 DE-101 | |
| 689 | 4 | 0 | |d g |0 (DE-588)4014500-1 |0 (DE-627)106339893 |0 (DE-576)208908099 |a Elsass |2 gnd |
| 689 | 4 | 1 | |d s |0 (DE-588)4002851-3 |0 (DE-627)104280352 |0 (DE-576)208848975 |a Architektur |2 gnd |
| 689 | 4 | 2 | |d s |0 (DE-588)4030967-8 |0 (DE-627)106267914 |0 (DE-576)208989900 |a Klassizismus |2 gnd |
| 689 | 4 | 3 | |a z |2 gnd |a Geschichte 1760-1800 |
| 689 | 4 | |5 (DE-627) | |
| 751 | |a Freiburg im Breisgau |0 (DE-588)4018272-1 |0 (DE-627)106326686 |0 (DE-576)208923535 |4 uvp | ||
| 787 | 0 | 8 | |i Rezensiert in |a Philipp, Klaus Jan, 1957 - |t [Rezension von: Ansgar Steinhausen, Die Architektur des Klassizismus im Elsaß] |d 2004 |w (DE-627)1919533494 |
| 830 | 0 | |a Studien zur Kunst am Oberrhein |v 2 |9 2 |w (DE-627)528308823 |w (DE-576)094321213 |w (DE-600)2284916-6 |x 1617-3961 |7 am | |
| 856 | 4 | 2 | |u http://www.gbv.de/dms/hebis-mainz/toc/109303628.pdf |m V:DE-603 |m B:DE-77 |q pdf/application |x Verlag |y Inhaltsverzeichnis |3 Inhaltsverzeichnis |7 1 |
| 856 | 4 | 2 | |u https://swbplus.bsz-bw.de/bsz103463364rez.htm |m V:DE-576 |v 2005-06-07 |3 Rezension |7 1 |
| 856 | 4 | 2 | |u http://www.sehepunkte.de/2004/03/3022.html |m V:DE-576;X:Sehepunkte |q text/html |v 20180424122851 |3 Rezension |7 1 |
| 856 | 4 | 2 | |u http://scans.hebis.de/HEBCGI/show.pl?10930362_rez.pdf |m V:DE-576 |q application/pdf |3 Rezension |7 1 |
| 935 | |a MZFRA | ||
| 935 | |i Blocktest | ||
| 936 | r | v | |a LL 67070 |b Nachmittelalterlich |k Kunstgeschichte |k Kunst nach Ländern bzw. Kontinenten |k Elsass |k Kunstgeschichte des Elsass nach Gattungen |k Architektur |k Nachmittelalterlich |0 (DE-627)1271187817 |0 (DE-625)rvk/100213: |0 (DE-576)201187817 |
| 936 | b | k | |a 21.60 |j Baugeschichte: Allgemeines |0 (DE-627)106421247 |
| 936 | s | n | |a l300 |2 mzub |
| 951 | |a BO | ||
| 990 | |a Elsass | ||
| 990 | |a Architektur | ||
| 990 | |a Geschichte 1760-1800 | ||
| 990 | |a Elsass | ||
| 990 | |a Architekt | ||
| 990 | |a Geschichte 1760-1800 | ||
| 990 | |a Klassizismus | ||
| 990 | |a Architektur | ||
| 990 | |a Frankreich | ||
| 990 | |a Klassizismus | ||
| 990 | |a Architekt | ||
| 990 | |a Frankreich | ||
| 990 | |a Elsass | ||
| 990 | |a Architektur | ||
| 990 | |a Klassizismus | ||
| 990 | |a Geschichte 1760-1800 | ||
| 991 | |a Rezensiertes Werk | ||
| 999 | |a KXP-PPN358520975 |e 4988414655 | ||


